| 000 | 00628cam a22002052 4500 | ||
|---|---|---|---|
| 001 | 0000021159 | ||
| 005 | 20151217145932.0 | ||
| 008 | 120131s xx 000 0 eng d | ||
| 020 | _a8177584499 | ||
| 040 |
_aKABU _cKABU |
||
| 245 | 1 | 0 |
_aMultinational business finance / _cDavid K. Eiteman ... [et al.]. |
| 250 | _a10th ed. | ||
| 260 |
_aIndia : _bPearson, _c2007. |
||
| 300 | _a1v. (various paging) | ||
| 650 | 0 |
_aInternational business enterprises _xFinance. _@0000152529 |
|
| 700 | 1 |
_aEitman, David K. _@0000181888 |
|
| 852 | 1 | _9p1,920 KES | |
| 908 | _a120131 | ||
| 950 | _@1 | ||
| 999 |
_c4245 _d4245 |
||